[Event "Fermo Province-ch"]
[Site "Fermo"]
[Date "2013.02.03"]
[Round "6"]
[White "Silvestri, Giorgio"]
[Black "Serafini, Gino"]
[Result "1-0"]
[WhiteElo "1718"]
[BlackElo "1851"]
[PlyCount "83"]
[EventDate "2013.01.19"]
[EventType "swiss"]
[EventRounds "6"]
[EventCountry "ITA"]
[SourceTitle "EXT 2014"]
[Source "ChessBase"]
[SourceDate "2013.11.20"]
[SourceVersion "1"]
[SourceVersionDate "2013.11.20"]
[SourceQuality "1"]

1. d4 Nf6 2. c4 d6 3. Nc3 g6 4. e4 Nc6 5. f3 Bg7 6. Be3 0-0 7. Qd2 a6 8. 0-0-0 e5 9. Nge2 Rb8 10. d5 Ne7 11. g4 b5 12. c5 Nd7 13. c6 Nb6 14. Bxb6 Rxb6 15. Ng3 Bf6 16. g5 Bg7 17. h4 f5 18. h5 f4 19. Nge2 a5 20. Ng1 b4 21. Na4 Rb8 22. Qh2 Qe8 23. Rd2 Kf7 24. Qh4 b3 25. a3 Ra8 26. Rdh2 Ba6 27. Bh3 Bc8 28. Bg4 Bxg4 29. fxg4 Qb8 30. Qf2 Qb5 31. Nc3 Qd3 32. Rh3 Qa6 33. Qe2 Qc8 34. a4 Rh8 35. Nb5 Qd8 36. Rxb3 Nc8 37. Nxc7 Ra7 38. Ne6 Qe7 39. h6 Bf8 40. Rb8 Rc7 41. Nxc7 Qxc7 42. Rb7 1-0

[Event "Fermo Province-ch"]
[Site "Fermo"]
[Date "2013.01.20"]
[Round "2"]
[White "Silvestri, Giorgio"]
[Black "Renzetti, Leonardo"]
[Result "0-1"]
[WhiteElo "1718"]
[BlackElo "1771"]
[PlyCount "62"]
[EventDate "2013.01.19"]
[EventType "swiss"]
[EventRounds "6"]
[EventCountry "ITA"]
[SourceTitle "EXT 2014"]
[Source "ChessBase"]
[SourceDate "2013.11.20"]
[SourceVersion "1"]
[SourceVersionDate "2013.11.20"]
[SourceQuality "1"]

1. d4 Nf6 2. c4 g6 3. Nf3 Bg7 4. e3 0-0 5. Be2 d6 6. 0-0 Nbd7 7. Qc2 e5 8. Nc3 Qe7 9. dxe5 dxe5 10. e4 b6 11. a4 a5 12. Bg5 Bb7 13. Rac1 Nc5 14. Nd5 Bxd5 15. exd5 Qd6 16. Rcd1 Rae8 17. Be3 Nfd7 18. g3 f5 19. Nd2 Na6 20. Rfe1 Ndc5 21. Bxc5 Nxc5 22. Nb1 e4 23. Na3 e3 24. f3 f4 25. Nb5 Qd8 26. Kg2 Be5 27. d6 cxd6 28. Rd5 fxg3 29. h3 Qf6 30. Red1 Rd8 31. b3 Ne6 0-1

[Event "Porto San Giorgio Weekend-B 15th"]
[Site "Porto San Giorgio"]
[Date "2012.11.18"]
[Round "2"]
[White "Silvestri, Giorgio"]
[Black "Santinelli, Michele"]
[Result "0-1"]
[WhiteElo "1761"]
[BlackElo "1802"]
[PlyCount "110"]
[EventDate "2012.11.17"]
[EventType "swiss"]
[EventRounds "6"]
[EventCountry "ITA"]
[SourceTitle "EXT 2024"]
[Source "ChessBase"]
[SourceDate "2023.10.10"]
[SourceVersion "1"]
[SourceVersionDate "2023.10.10"]
[SourceQuality "1"]

1. d4 d5 2. c4 Nc6 3. e3 Nf6 4. cxd5 Qxd5 5. Nc3 Qd8 6. Nf3 Bg4 7. Be2 e6 8. 0-0 Be7 9. a3 h6 10. b4 a6 11. Bb2 0-0 12. Rc1 Rc8 13. Na4 Nd7 14. Qc2 Re8 15. Rfd1 Bf6 16. e4 Qe7 17. Qb3 Bg5 18. Rc2 Na7 19. Nc5 Nxc5 20. bxc5 Rb8 21. Nxg5 Bxe2 22. Rxe2 Qxg5 23. Rd3 Qe7 24. Qc2 c6 25. Rg3 f6 26. Bc1 Kf7 27. Ree3 Nb5 28. d5 cxd5 29. exd5 e5 30. Qg6+ Kf8 31. Qh7 Qf7 32. a4 Nd4 33. c6 bxc6 34. Ba3+ Re7 35. Qh8+ Qg8 36. Bxe7+ Kxe7 37. Qxg7+ Qxg7 38. Rxg7+ Kf8 39. g3 Kxg7 40. dxc6 Nxc6 41. Rc3 Rb6 42. Kg2 Kg6 43. Rc5 Nd4 44. h4 Rc6 45. Rd5 Rc4 46. Ra5 Rc6 47. g4 Nb3 48. Rd5 Rc4 49. a5 Rxg4+ 50. Kh3 Ra4 51. Rd6 Rxa5 52. h5+ Kg5 53. Rd8 Ra4 54. Rg8+ Kxh5 55. Rf8 Rf4 0-1

[Event "Porto San Giorgio Weekend-B 14th"]
[Site "Porto San Giorgio"]
[Date "2011.11.20"]
[Round "2"]
[White "Soricetti, Adriana"]
[Black "Silvestri, Giorgio"]
[Result "0-1"]
[WhiteElo "1388"]
[BlackElo "1730"]
[PlyCount "99"]
[EventDate "2011.11.19"]
[EventType "swiss"]
[EventRounds "6"]
[EventCountry "ITA"]
[SourceTitle "EXT 2024"]
[Source "ChessBase"]
[SourceDate "2023.10.10"]
[SourceVersion "1"]
[SourceVersionDate "2023.10.10"]
[SourceQuality "1"]

1. e4 e6 2. Nf3 d5 3. exd5 exd5 4. d4 Bd6 5. Be2 Ne7 6. Nc3 c6 7. Bg5 0-0 8. Qd2 f6 9. Bf4 Ng6 10. Bxd6 Qxd6 11. 0-0 b6 12. a4 a5 13. h3 Nf4 14. Bd1 Re8 15. Ne2 Ng6 16. c3 Ba6 17. Re1 Nd7 18. Bc2 Kf7 19. Ng3 Ndf8 20. Nf5 Qc7 21. N5h4 Nf4 22. Nf5 Ne2+ 23. Kh1 Nf4 24. Ne3 g6 25. Ng4 h5 26. Ne3 Re7 27. Rad1 Rae8 28. b3 Bc8 29. Nh4 Qd7 30. Nf3 Qc7 31. c4 Nh7 32. Bb1 Ng5 33. Nxg5+ fxg5 34. Rc1 Qd7 35. Kh2 Qc7 36. Kg1 dxc4 37. bxc4 Qd6 38. Ba2 c5 39. d5 Re4 40. Bb1 Rd4 41. Qc3 Bd7 42. Bc2 Re5 43. Rb1 Bxh3 44. g3 h4 45. gxf4 gxf4 46. Ng2 Bxg2 47. Kxg2 Rg5+ 48. Kh3 Rh5 49. Rg1 Qd7+ 50. Kh2 0-1

[Event "Fermo Province-ch"]
[Site "Porto Sant Elpidio"]
[Date "2011.01.30"]
[Round "6"]
[White "Cavalieri, Simone"]
[Black "Silvestri, Giorgio"]
[Result "0-1"]
[WhiteElo "1386"]
[BlackElo "1749"]
[PlyCount "50"]
[EventDate "2011.01.22"]
[EventType "swiss"]
[EventRounds "6"]
[EventCountry "ITA"]
[SourceTitle "EXT 2012"]
[Source "ChessBase"]
[SourceDate "2011.11.24"]
[SourceVersion "1"]
[SourceVersionDate "2011.11.24"]
[SourceQuality "1"]

1. d4 Nf6 2. Bf4 d6 3. Nf3 g6 4. Nbd2 Bg7 5. e3 0-0 6. Bd3 c6 7. h3 Qc7 8. c3 b5 9. 0-0 Bb7 10. Qe1 Na6 11. b4 Qd7 12. Qd1 Nd5 13. Qc1 Nxf4 14. exf4 Bh6 15. Nb3 c5 16. bxc5 Bxf3 17. gxf3 Qxh3 18. Re1 Qh4 19. Bxb5 Bxf4 20. Qc2 Nc7 21. Bc6 Rad8 22. Qe4 e6 23. cxd6 Rxd6 24. Nc5 f5 25. Qe2 Qh2+ 0-1

[Event "Offida Winter op 8th"]
[Site "Offida"]
[Date "2010.12.08"]
[Round "3"]
[White "Silvestri, Giorgio"]
[Black "Di Donatantonio, Franco"]
[Result "0-1"]
[WhiteElo "1780"]
[BlackElo "2123"]
[PlyCount "90"]
[EventDate "2010.12.05"]
[EventType "swiss"]
[EventRounds "6"]
[EventCountry "ITA"]
[SourceTitle "EXT 2024"]
[Source "ChessBase"]
[SourceDate "2023.10.10"]
[SourceVersion "1"]
[SourceVersionDate "2023.10.10"]
[SourceQuality "1"]

1. d4 d6 2. Nf3 Nf6 3. c4 Nbd7 4. Nc3 e5 5. Bg5 Be7 6. e3 0-0 7. Bd3 c6 8. 0-0 Re8 9. Bxf6 Bxf6 10. Ne4 Be7 11. dxe5 dxe5 12. Ng3 Qc7 13. Qc2 Nf6 14. Ng5 g6 15. N5e4 Ng4 16. h3 Nh6 17. c5 Be6 18. Bc4 Bd5 19. b4 Rad8 20. Rad1 Qc8 21. Bxd5 cxd5 22. Nc3 Qc6 23. e4 dxe4 24. Ngxe4 Nf5 25. Qc1 Nd4 26. Qb2 Qe6 27. Ng3 Bf8 28. Rd3 b6 29. cxb6 axb6 30. Rfd1 Bg7 31. Nb5 Qc4 32. Nxd4 Rxd4 33. Rxd4 exd4 34. Qd2 Ra8 35. a3 Rxa3 36. Rc1 Rc3 37. Ra1 h6 38. Ra8+ Kh7 39. Qf4 Rc1+ 40. Kh2 Qc7 41. Qe4 Qc6 42. Qf4 Qxa8 43. Qxc1 d3 44. h4 Qd5 45. Nf1 Qd4 0-1

[Event "San Benedetto del Tronto Martire 3rd"]
[Site "San Benedetto del Tronto"]
[Date "2010.11.07"]
[Round "2"]
[White "Faini, Ivano"]
[Black "Silvestri, Giorgio"]
[Result "1-0"]
[WhiteElo "1674"]
[BlackElo "1780"]
[PlyCount "89"]
[EventDate "2010.11.07"]
[EventType "swiss"]
[EventRounds "6"]
[EventCountry "ITA"]
[SourceTitle "EXT 2024"]
[Source "ChessBase"]
[SourceDate "2023.10.10"]
[SourceVersion "1"]
[SourceVersionDate "2023.10.10"]
[SourceQuality "1"]

1. c4 Nf6 2. g3 g6 3. Bg2 Bg7 4. e4 d6 5. h3 e5 6. Ne2 0-0 7. 0-0 Be6 8. d3 Qc8 9. Kh2 c6 10. Nbc3 Ne8 11. Qc2 f5 12. f4 Nd7 13. Be3 Bh6 14. b4 Ndf6 15. Qb3 fxe4 16. dxe4 b5 17. Qa3 Bxc4 18. Rad1 Nh5 19. Rf2 exf4 20. Nxf4 Nxf4 21. Bxf4 Bxf4 22. gxf4 Qd8 23. Qb2 Qh4 24. Qd2 a5 25. a3 axb4 26. axb4 Ra3 27. Kg1 Rb3 28. Re1 Qf6 29. Ne2 Rd3 30. Qc1 Nc7 31. f5 g5 32. Rd1 Rxd1+ 33. Qxd1 c5 34. bxc5 dxc5 35. Qd7 Na6 36. Ng3 Qd8 37. Qc6 Rf6 38. Qb7 Qd1+ 39. Kh2 h5 40. e5 Rf7 41. Qxa6 Qd4 42. Qg6+ Rg7 43. Qe8+ Kh7 44. Ne4 Kh6 45. Qh8+ 1-0

[Event "Senigallia Perini Memorial 3rd"]
[Site "Senigallia"]
[Date "2009.08.01"]
[Round "1"]
[White "Silvestri, Giorgio"]
[Black "Rovedi, Mauro"]
[Result "0-1"]
[WhiteElo "1838"]
[BlackElo "2033"]
[PlyCount "72"]
[EventDate "2009.08.01"]
[EventType "swiss"]
[EventRounds "9"]
[EventCountry "ITA"]
[SourceTitle "EXT 2010"]
[Source "ChessBase"]
[SourceDate "2010.11.25"]
[SourceVersion "1"]
[SourceVersionDate "2010.11.25"]
[SourceQuality "1"]

1. d4 Nf6 2. c4 g6 3. Nc3 d6 4. e4 Bg7 5. f3 0-0 6. Be3 c6 7. Qd2 a6 8. Bh6 b5 9. Bxg7 Kxg7 10. g4 bxc4 11. Bxc4 d5 12. exd5 cxd5 13. Bb3 Nc6 14. g5 Nh5 15. Bxd5 Bb7 16. Bxc6 Bxc6 17. d5 Bd7 18. Nge2 Qc7 19. Qd4+ Kg8 20. Rc1 Rab8 21. b4 Qd6 22. a3 Bf5 23. f4 a5 24. Na4 Bd7 25. Nc5 axb4 26. axb4 Bb5 27. Ne4 Qd7 28. N4g3 Qg4 29. Qe3 Bxe2 30. Nxe2 Rxb4 31. Qxe7 Nxf4 32. Ra1 Nxe2 33. Qxe2 Re4 34. Qxe4 Qxe4+ 35. Kf2 Qf5+ 36. Ke2 Re8+ 0-1

[Event "Alba Adriatica op 2nd"]
[Site "Alba Adriatica"]
[Date "2009.05.31"]
[Round "3"]
[White "Silvestri, Giorgio"]
[Black "Barnabei, Stefano"]
[Result "1-0"]
[WhiteElo "1838"]
[BlackElo "1742"]
[PlyCount "89"]
[EventDate "2009.05.30"]
[EventType "swiss"]
[EventRounds "6"]
[EventCountry "ITA"]
[SourceTitle "EXT 2010"]
[Source "ChessBase"]
[SourceDate "2010.11.25"]
[SourceVersion "1"]
[SourceVersionDate "2010.11.25"]
[SourceQuality "1"]

1. Nf3 c5 2. c4 Nf6 3. e3 e6 4. Nc3 d6 5. d4 cxd4 6. exd4 Bd7 7. Bd3 Be7 8. 0-0 0-0 9. d5 e5 10. b4 Bg4 11. Qc2 Bxf3 12. gxf3 h6 13. Kh1 Kh8 14. Be3 Ng8 15. Rg1 Bf6 16. Ne4 Na6 17. Qd2 Nc7 18. Rg2 Ne8 19. Rag1 b6 20. Ng3 Bg5 21. Bxg5 Qxg5 22. Qe2 Qh4 23. Nf5 Qf6 24. Nxg7 Nxg7 25. Rxg7 Qxg7 26. Rxg7 Kxg7 27. c5 bxc5 28. bxc5 dxc5 29. Qxe5+ Nf6 30. d6 Rac8 31. Bf5 Rc6 32. Be4 Rcc8 33. d7 Rcd8 34. Bf5 Rh8 35. h4 Rhf8 36. h5 Rh8 37. a4 a5 38. Kg1 Rhf8 39. Qc3 Ra8 40. Qxc5 Ng8 41. Be4 Rad8 42. Qf5 Nf6 43. Bc6 Ng8 44. Qxa5 Ne7 45. Qe5+ 1-0

[Event "Fermo Province-ch"]
[Site "Fermo"]
[Date "2009.02.14"]
[Round "4"]
[White "Silvestri, Giorgio"]
[Black "Piergentili, Roberto"]
[Result "1-0"]
[WhiteElo "1832"]
[BlackElo "1787"]
[PlyCount "31"]
[EventDate "2009.01.31"]
[EventType "swiss"]
[EventRounds "6"]
[EventCountry "ITA"]
[SourceTitle "EXT 2011"]
[Source "ChessBase"]
[SourceDate "2010.11.26"]
[SourceVersion "1"]
[SourceVersionDate "2010.11.26"]
[SourceQuality "1"]

1. d4 d5 2. c4 c6 3. Nc3 Nf6 4. Bf4 e6 5. e3 Bd6 6. Bg3 Bxg3 7. hxg3 Nbd7 8. Qc2 e5 9. dxe5 Nxe5 10. 0-0-0 Qa5 11. cxd5 cxd5 12. Bb5+ Bd7 13. Bxd7+ Nexd7 14. g4 Rc8 15. Nge2 Ne4 16. Rdf1 1-0

[Event "Porto Sant Elpidio op-B 11th"]
[Site "Porto Sant Elpidio"]
[Date "2008.11.23"]
[Round "3"]
[White "Silvestri, Giorgio"]
[Black "Donati, Michele"]
[Result "1-0"]
[WhiteElo "1784"]
[BlackElo "1509"]
[PlyCount "71"]
[EventDate "2008.11.22"]
[EventType "swiss"]
[EventRounds "6"]
[EventCountry "ITA"]
[SourceTitle "EXT 2011"]
[Source "ChessBase"]
[SourceDate "2010.11.26"]
[SourceVersion "1"]
[SourceVersionDate "2010.11.26"]
[SourceQuality "1"]

1. d4 d5 2. Nf3 c6 3. c4 Nf6 4. Nc3 e6 5. Bg5 Nbd7 6. e3 Qa5 7. Nd2 Bd6 8. Bd3 0-0 9. c5 Bb8 10. f4 Qc7 11. b4 a6 12. Bh4 b5 13. g4 h6 14. g5 hxg5 15. fxg5 Nh7 16. Bxh7+ Kxh7 17. Nf3 g6 18. Bg3 Qd8 19. e4 Re8 20. e5 Kg7 21. h4 Rh8 22. Nh2 a5 23. a3 Bc7 24. 0-0 axb4 25. axb4 Rxa1 26. Qxa1 Bb7 27. Ng4 Qa8 28. Qc1 Rf8 29. Nh6 Qe8 30. Nd1 Bd8 31. Ne3 Be7 32. Neg4 f5 33. exf6+ Nxf6 34. gxf6+ Bxf6 35. Nxf6 Rxf6 36. Be5 1-0

[Event "Porto Sant Elpidio op-B 7th"]
[Site "Porto Sant Elpidio"]
[Date "2004.11.21"]
[Round "6"]
[White "Iaconi, Andrea"]
[Black "Silvestri, Giorgio"]
[Result "1/2-1/2"]
[WhiteElo "1774"]
[BlackElo "1697"]
[PlyCount "68"]
[EventDate "2004.11.13"]
[EventType "swiss"]
[EventRounds "6"]
[EventCountry "ITA"]
[SourceTitle "EXT 2024"]
[Source "ChessBase"]
[SourceDate "2023.10.10"]
[SourceVersion "1"]
[SourceVersionDate "2023.10.10"]
[SourceQuality "1"]

1. d4 Nf6 2. c4 g6 3. Nc3 Bg7 4. Nf3 d6 5. e4 0-0 6. Be2 e5 7. dxe5 dxe5 8. Qxd8 Rxd8 9. Nxe5 Nxe4 10. Nxe4 Bxe5 11. 0-0 Nc6 12. Bg5 Re8 13. Bf6 Bxh2+ 14. Kxh2 Rxe4 15. Bd3 Re8 16. Rfe1 Be6 17. Re3 Nb4 18. b3 Nxd3 19. Rxd3 a5 20. Rad1 a4 21. Rd8 axb3 22. axb3 h6 23. Rxa8 Rxa8 24. Rd8+ Rxd8 25. Bxd8 c6 26. Kg3 Kg7 27. Kf4 f6 28. g3 g5+ 29. Ke4 h5 30. Ke3 h4 31. gxh4 gxh4 32. Kf4 Kg6 33. Bc7 h3 34. Ke3 Kh5 1/2-1/2

[Event "Porto Sant Elpidio op-B 7th"]
[Site "Porto Sant Elpidio"]
[Date "2004.11.14"]
[Round "2"]
[White "Silvestri, Giorgio"]
[Black "Baleani, Emanuele"]
[Result "0-1"]
[WhiteElo "1697"]
[BlackElo "1750"]
[PlyCount "87"]
[EventDate "2004.11.13"]
[EventType "swiss"]
[EventRounds "6"]
[EventCountry "ITA"]
[SourceTitle "EXT 2024"]
[Source "ChessBase"]
[SourceDate "2023.10.10"]
[SourceVersion "1"]
[SourceVersionDate "2023.10.10"]
[SourceQuality "1"]

1. d4 d5 2. Nf3 Nf6 3. Bf4 e6 4. e3 Nbd7 5. Be2 c5 6. c3 Be7 7. Nbd2 0-0 8. 0-0 c4 9. Qc2 h6 10. e4 dxe4 11. Nxe4 Nxe4 12. Qxe4 Nf6 13. Qc2 b5 14. a4 Bd7 15. Ne5 a6 16. axb5 Bxb5 17. Bxc4 Bxc4 18. Nxc4 Nd5 19. Bg3 Rc8 20. Qd3 Ra8 21. Ne5 Qc8 22. Ra2 Qb7 23. Rfa1 Rfc8 24. Qf3 Bf6 25. Ng4 Be7 26. Ne5 Bf6 27. Qg4 a5 28. Nd3 Qb5 29. Nf4 Nxf4 30. Bxf4 g5 31. Qg3 a4 32. h4 Kh7 33. hxg5 hxg5 34. Bd6 Qc4 35. Qe3 Qd5 36. Bg3 Kg6 37. Qd3+ Kg7 38. f3 Rc4 39. Kf2 Rac8 40. Rxa4 Rxa4 41. Rxa4 Qb3 42. Ra1 Qxb2+ 43. Qe2 Qxa1 44. f4 0-1

[Event "Porto Sant Elpidio op-B 5th"]
[Site "Porto Sant Elpidio"]
[Date "2002.11.10"]
[Round "5"]
[White "Basso, Fabrizio"]
[Black "Silvestri, Giorgio"]
[Result "1-0"]
[WhiteElo "1546"]
[BlackElo "1648"]
[PlyCount "113"]
[EventDate "2002.11.02"]
[EventType "swiss"]
[EventRounds "6"]
[EventCountry "ITA"]
[SourceTitle "EXT 2024"]
[Source "ChessBase"]
[SourceDate "2023.10.10"]
[SourceVersion "1"]
[SourceVersionDate "2023.10.10"]
[SourceQuality "1"]

1. e4 c5 2. Nf3 d6 3. Bb5+ Bd7 4. Bxd7+ Nxd7 5. c4 Ngf6 6. Nc3 e6 7. 0-0 Be7 8. b3 0-0 9. Bb2 a6 10. d4 cxd4 11. Nxd4 Nc5 12. Qe2 Qc7 13. f4 e5 14. fxe5 dxe5 15. Nf5 Rfe8 16. Nxe7+ Qxe7 17. Rf3 Ne6 18. Nd5 Nxd5 19. exd5 Qc5+ 20. Kh1 Nd4 21. Qf2 f6 22. Rd1 Qb4 23. Bxd4 exd4 24. Qxd4 Qd6 25. c5 Qe5 26. Qxe5 Rxe5 27. h3 Kf7 28. Rfd3 f5 29. Kg1 Rc8 30. b4 a5 31. a3 axb4 32. axb4 Re4 33. Rd4 Rxd4 34. Rxd4 Ke7 35. Kf2 g5 36. Ke3 Kd7 37. Kd3 Ra8 38. Rc4 Ra3+ 39. Rc3 Ra1 40. c6+ bxc6 41. dxc6+ Kc7 42. b5 f4 43. b6+ Kc8 44. b7+ Kc7 45. Rb3 Rd1+ 46. Ke2 Rd8 47. b8Q+ Rxb8 48. Rxb8 Kxb8 49. Kf3 h5 50. h4 gxh4 51. Kxf4 h3 52. gxh3 h4 53. Kg4 Kc7 54. Kxh4 Kxc6 55. Kg5 Kd7 56. Kg6 Ke7 57. Kg7 1-0

[Event "Porto Sant Elpidio op 4th"]
[Site "Porto Sant Elpidio"]
[Date "2001.11.01"]
[Round "1"]
[White "Silvestri, Giorgio"]
[Black "Fioravanti, Diego"]
[Result "0-1"]
[WhiteElo "1575"]
[BlackElo "1822"]
[PlyCount "58"]
[EventDate "2001.11.01"]
[EventType "swiss"]
[EventRounds "6"]
[EventCountry "ITA"]
[SourceTitle "EXT 2024"]
[Source "ChessBase"]
[SourceDate "2023.10.10"]
[SourceVersion "1"]
[SourceVersionDate "2023.10.10"]
[SourceQuality "1"]

1. Nf3 d5 2. d4 Nf6 3. c4 g6 4. Bf4 Bg7 5. e3 0-0 6. Bd3 c5 7. h3 Nc6 8. 0-0 Be6 9. Be5 dxc4 10. Be2 cxd4 11. Bxd4 Rc8 12. Nc3 Nxd4 13. Nxd4 Bd7 14. Qc2 e5 15. Nf3 Qe7 16. e4 b5 17. a3 Bc6 18. Nd2 Rfd8 19. Rad1 Rd6 20. Ndb1 Rcd8 21. Rxd6 Rxd6 22. f3 Nh5 23. Rd1 Bh6 24. Nd5 Rxd5 25. exd5 Qc5+ 26. Kh1 Ng3+ 27. Kh2 Bf4 28. Bxc4 Bxd5 29. h4 bxc4 0-1